00459nam a22001457a 450000500170000000800410001702000150005804100130007308200120008610000330009824500650013126000570019630000340025365000260028720231114081913.0231114b |||||||| |||| 00| 0 eng d a0409040894 aEnglish  a345 MCQ aMcQuoid-Mason, DJ lEnglish  aAn Outline of Legal Aid in South Africa / cDJ McQuoid-Mason aDurban : bButterworth and Company (Pty) Ltd, c1982 bxxvi, 310 pages ; c22,5 cm.  aLegal practice bLaw